01495nam a22003737a 4500003000500000005001700005008004100022010001000063011001000073035001000083040000900093082001700102111009200119245006800211260006300279300001100342490003800353590004100391590004100432590004100473590004100514590004100555590004200596650003600638650003600674650003300710711011400743830004200857901000700899942001000906949005800916999001700974952013000991CHAP20220329140919.0971013s1991 r 10010 d a59736 a60708 a64870 cCHAP a711.5524bS400aSeminario Internacional sobre Parques Tecnológicos (d1991c: México, D.F.)9104161 aProblemática del desarrollo tecnológico nacionalb: memoria aMéxico, D.F. :bAcademia Mexicana de Ingeniería,c1991 a261 p. aAlternativas tecnológicasv; 36 aBATCH-UPDb10c20130110lUCH01h0454 aBATCH-UPDb10c20130110lUCH01h2239 aBATCH-UPDb10c20130410lUCH01h0132 aBATCH-UPDb10c20130410lUCH01h1638 aBATCH-UPDb10c20130914lUCH01h1639 aCONVERSIONb10c20130109lUCH01h133214aIngeniería agrícola.95819614aIngeniería industrial.95825714aParques industriales.9856950 aMesa Redonda sobre la Ingeniería dentro de la Enseñanza Interdisciplinaria (1991 : México, D.F.)9750830 aAlternativas tecnologicasv; 3694687 aBK cLIBRO a711.5524 S4bBCcCONGd-142909eCONGh90230i64870si c59736d59736 00102ddc4051708CONGaBCbBCcPA_CONGd2019-12-31fLIBROl0o711.5524 S4p-142909r2019-12-31 00:00:00w2019-12-31yLIBRO